Rarest Things by Category - Human Edition - Statistics

General Stats
  • This quiz has been taken 74 times
  • The average score is 4 of 8
Answer Stats
Rarest... Answer Possibility % Correct
...First Initial (in name) Q <1% of population
89%
...Eye Color Purple 1 in 78,000,000
79%
... Natural Hair Color Red 1 in 275,500
72%
...Blood Type AB Negative 1 in 100
64%
...Sexuality Asexual 1.7% of population
44%
...Zodiac Sign Aquarius 6.3% of population
34%
...Allergy Water 1 in 230,000,000
30%
...Job Professional Armpit Sniffer 1 in 30,000,000
0%
No matching quizzes found
Score Distribution
Percent of People with Each Score
Percentile by Number Answered
Your Score History
You have not taken this quiz